Quizzes
Events
Quiz Creation
Community
Videos
Private Events
Remove Ads
Sign In
Join for FREE
Feedback
Dark Mode
Quiz Categories
Sports
Geography
Music
Movies
Television
Just For Fun
Miscellaneous
History
Literature
Language
Science
Gaming
Entertainment
Religion
Holiday
For Kids
Quiz Lab
Recent
Popular Today
Quiz Kudos Today
Editor Picks
Curator Picks
Quizzes by...
Day
Popularity
Type
Ratings
Length
Year
Community
Subscriptions
Recent Discussions
Orange Saloon
Badges
Playlists
Quests
Create
Leaderboards
Showdown
Live 5
Trivia Bingo
Activity
Puzzle Library
Sporcle Events
Private Events
Virtual Trivia
Globe League
Become a Host
Pub Owners
SporcleCon
Opinionation
Our Games
Videos
Blog
Mobile Apps
Partnerships
Remove Ads and Go Orange
Feedback
Just For Fun
Clickable
Get the Picture
Humor
Quick Pick
Word Ladder
Missing Word
Mixed Word
Blitz
Minefield
This or That
Alphabet
Color
Typing
Sporcle
Puzzle
Word Play
Follow That Line
Logic
Just For Fun
Clickable
Get the Picture
Humor
Quick Pick
Word Ladder
Missing Word
Mixed Word
Blitz
Minefield
This or That
Alphabet
Color
Typing
Sporcle
Puzzle
Word Play
Follow That Line
Logic
Random Quiz
Search Sporcle
×
Quiz Lab
Quiz Lab
Just For Fun
mode
Type in answers that appear in a list
Type in answers that appear in a list
Classic
Best Score? Go Orange.
Call of Duty Zombies Maps Stats
Can you name the Call of Duty Zombies Maps?
By
FoOtBaLLxMaNiA95
3m
22 Questions
91 Plays
91 Plays
91 Plays
Comments
Comments
Give Quiz Kudos
Give Quiz Kudos
-
- Ratings
hide this ad
Replay
Link that replays current quiz
Next Quiz
Link to next quiz in quiz playlist
You Got
0%
They Got
Avg Score
72%
Avg Friend Score
Upgrade to see
Score Distribution
Jump to the score distribution portion of the page
Score
0/22
Timer
03:00
0
Plays Today
Game Mode
% Correct
Outer Space
Moon
89%
Pentagon
Five
85.7%
Alcatraz Prison
Mob of the Dead
84.6%
Alcatraz Prison Grief
Mob of the Dead
84.6%
Nazi Theater
Kino Der Toten
82.4%
Green Run
TranZit
80.2%
Icy Island
Call of the Dead
79.1%
Nazi Headquarters
Nacht Der Untoten
78%
Japenesee Swamp
Shi No Numa
78%
Green Run Survival
Town
78%
Green Run Grief
Town
78%
Game Mode
% Correct
Zombie Factory
Der Riese
73.6%
Chinesee Temple
Shangri La
73.6%
Green Run Survival
Farm
72.5%
Green Run Grief
Farm
72.5%
Soviet Launch Pad
Ascension
71.4%
Arcade
Dead Ops Arcade
70.3%
Great Leap Foward
Die Rise
70.3%
Green Run Survival
Bus Depot
57.1%
Turned
Diner
54.9%
Survival
Nuketown
39.6%
Nazi Buildings
Verruct
30.8%
Quiz Playlist
Details
Report
Send in Message
Add To Playlist
Classic:
Type in answers that appear in a list
Last Updated: Feb 16, 2017
Quiz Scoreboard
CHALLENGE
Sign Up to Join the Scoreboard
Show All
Scores
Hide
Comments
May contain spoilers
Recently Published
Presidents Visiting Landmarks
by Hejman
History
7m
An Introduction to Baseball
by treessimontrees
Sports
5m
Movies - When Are They Set?
by FPL_Elf
Movies
5m
More to Explore
Quiz From the Vault
Featured Blog Post
Where Did the Easter Bunny Come From?
hide this ad
You Might Also Like...
Tags
call
Comby
map
mode
Today's Top Quizzes in Just For Fun
Browse Just For Fun
hide this ad
Today's Top Quizzes in mode
Browse mode
Top Contributed Quizzes in Just For Fun
1
Spring Typing Challenge
2
Killer Double Trees 224 - Colour Match-Up
3
Crossword Whiteout! 49
4
Zeroing In: Just For Fun
5
Harry Potter Logic - 'In Chains' II
6
Survivor Winners Logic Puzzle
7
Word Ladder: Ahoy Matey
8
Kyle's 122nd Triple Trees
9
Edinburgh Fringe jokes 2015
10
Word Ladder: Wilderness Weapon
Explore More
Trending Topics
Kpop
Marvel
Disney
Crossword
Harry Potter
NBA
Anime
NFL
Song
Country
Puzzle
The Office
WWE
Soccer
Pokémon
hide this ad
More By:
FoOtBaLLxMaNiA95
Quiz
Plays
Rating
Category
Featured
Created
Top 50 NBA Centers of All Time
4,441
1.55
Sports
Jun 12, 2013
Top 50 NBA Shooting Guards of All Time
1,949
1.50
Sports
Jun 14, 2013
Top 50 NBA Small Forwards of All Time
1,722
1.25
Sports
Jun 14, 2013
Top 50 NBA Power Forwards of All Time
1,518
1.91
Sports
Jun 17, 2013
All Marvel Super Heroes
917
1.53
Just For Fun
Jun 10, 2013
Go to Creator's Profile
Score Distribution
Quiz Creator Spotlight
FoOtBaLLxMaNiA95
Follow
Send a Message
Quizzes Created
-
Created Quiz Play Count
-
More By This Creator
Popular Quizzes Today
1
Find the US States - No Outlines Minefield
2
Find the Countries of Europe - No Outlines Minefield
3
The Countries of the World
4
Find the US States
5
Popular People in 1961
6
US States
7
Risky Map Clicking: Biggest States A-Z
8
Movies - When Are They Set?
More Just For Fun Quizzes
Word Ladder: 2019 Heisman Winner
Published
Trending Quizzes
Risky Map Clicking: Least Populous States A-Z
1-10 Letter G Words
1-10 Letter F Words
Risky Map Clicking: Next State Alphabetically
Risky Map Clicking: Biggest States A-Z
Recently Updated
Leaping Animals
pecheneg
Reality TV Shows (A-Z)
bhenderson79
Rickey Henderson's Hall of Fame Teammates
pecheneg
Champions League XIs: Arsenal
pecheneg
Quick Pick: Celebrities in WWE's Hall of Fame
aduchscher
A-Z Keypad Blitz II
pecheneg
Multiple Oscar Actors
pecheneg
Mystery Phrase Blitz: Oscar 'Best Actors'
pecheneg
F. Scott Fitzgerald Novels
LTH
Pick 3 Villains
ddd62291
Trending Topics
Disney
NBA
Crossword
Harry Potter
Kpop
Marvel
Anime
Song
Pokémon
Soccer
Puzzle
Country
NFL
The Office
WWE
Your Account Isn't Verified!
In order to create a playlist on Sporcle, you need to verify the email address you used during registration. Go to your
Sporcle Settings
to finish the process.
Report this User
Report this user for behavior that violates our
Community Guidelines
.
Details:
Send Report
Go to the Sporcle.com Mobile Site →
Comments